La Revolución en la provincia : soberanía estatal y caudillismo en las montañas de Oaxaca, 1910-1920 /

En varios estados de México se dieron de manera simultánea al movimiento constitucionalista, otros movimientos locales conectados de diversas maneras con la Revolución. Este libro aborda las características peculiares que tuvo tal movimiento en Oaxaca, con un fuerte carácter colectivo y nacionalista...

Descripció completa

Guardat en:
Dades bibliogràfiques
Autor principal: Garner, Paul H. (autor)
Format: Llibre
Idioma:espanyol
Publicat: México : Fondo de Cultura Económica, 1988, c1988
Col·lecció:(Sección de Obras de Historia)
Matèries:
Etiquetes: Afegir etiqueta
Sense etiquetes, Sigues el primer a etiquetar aquest registre!

MARC

LEADER 00000nam^a2200000^a^4500
001 000026594
005 20250521000000.0
009 20260310084737.116
020 |a 968-16-2468-8 
037 |a Acervo ITESO - Biblioteca 
041 |a ESP 
082 |a 972. 74061  |b GAR 
100 |a Garner, Paul H.  |e (autor) 
245 1 3 |a La Revolución en la provincia :  |b soberanía estatal y caudillismo en las montañas de Oaxaca, 1910-1920 /  |c P.H. Garner ; tr. por Mercedes Pizarro. 
264 4 |a México :  |b Fondo de Cultura Económica,  |c 1988, c1988 
300 |a 235 p. 
336 |a texto  |b txt  |2 rdacontenido 
337 |a sin mediación  |b n  |2 rdamedio 
338 |a volumen  |b nc  |2 rdasoporte 
440 1 |a (Sección de Obras de Historia) 
500 |a Traducción de: A Provincial Response to the Mexican Revolution: State Sovereignty and Highland Caudillismo in Oaxaca 1910-1920 
520 |a En varios estados de México se dieron de manera simultánea al movimiento constitucionalista, otros movimientos locales conectados de diversas maneras con la Revolución. Este libro aborda las características peculiares que tuvo tal movimiento en Oaxaca, con un fuerte carácter colectivo y nacionalista, pero defensor de la soberanía local frente al poder federal. 
649 |a XX 
650 |a Oaxaca -  |x Historia -  |y Revolución, 1910-1917 
650 |a Oaxaca -  |x Historia -  |y 1910-1946 
650 |a Oaxaca -  |x Historia -  |y Siglo XX 
650 |a México -  |x Historia -  |y Revolución, 1910-1917 
650 |a México -  |x Historia -  |y 1910-1946 
650 |a México -  |x Historia -  |y Siglo XX 
910 |a Fondo General 
920 |a Impresos - Libros 
930 |a Colección General 
905 |a 101 
901 |a 0265940100  |b IT1  |c ACC  |i 026594  |u 20250521 
902 |a https://opac.biblio.iteso.mx/vufind/Record/000026594